000
00328 a2200157 4500
001
148489
040
_c
Escola São Tomás de Aquino
100
_a
VENEZIA, Mike
240
1
0
_a
Paul Klee
_l
por
245
1
0
_a
Paul Klee
300
_a
32
362
0
_a
1996
440
1
_a
Moderna
697
_a
*LITERATURA INFANTIL
942
_c
BK
999
_c
148489
_d
148489